Most Populated Landlocked Countries With Exceptions - Statistics

General Stats
  • This quiz has been taken 24 times
  • The average score is 14 of 15
Answer Stats
Populaion Country % Correct
45,047,069 Afghanistan
100%
12,749,291 Bolivia
100%
37,724,223 Uzbekistan
100%
21,083,626 Kazakhstan
96%
7,974,017 Laos
96%
10,527,781 Czech Republic
91%
9,007,798 Switzerland
91%
7,736,632 Turkmenistan
91%
9,107,266 Austria
87%
9,585,818 Hungary
87%
29,629,410 Nepal
87%
10,978,599 Tajikistan
87%
7,400,465 Kyrgyzstan
83%
10,454,855 Azerbaijan
78%
8,937,018 Belarus
78%
No matching quizzes found
Score Distribution
Percent of People with Each Score
Percentile by Number Answered
Your Score History
You have not taken this quiz